000 00653nam a2200181Ia 4500
008 090123s9999 xx 000 0 und d
082 _b14602
_a891.463/बोरकर
100 _aबोरकर लक्ष्मीदास
245 _aखुलता कळी खुलेना
250 _a1
260 _bयुवराज ग्रंथ वितरण
300 _a196
600 _aबोरकर लक्ष्मीदास
630 _aखुलता कळी खुलेना
700 _aबोरकर लक्ष्मीदास
730 _aखुलता कळी खुलेना
942 _cBOOK
999 _c52663
_d52663